Exhortación apostólica Catechesi Tradendae, de su Santidad Juan Pablo II, al episcopado al clero y a los fieles de toda la Iglesia sobre la catequesis en nuestro tiempo
Saved in:
| Format: | Book |
|---|---|
| Language: | Spanish |
| Published: |
Santiago
Paulinas
1985
|
| Series: | Documentos de la Iglesia
|
| Subjects: | |
| Tags: |
Add Tag
No Tags, Be the first to tag this record!
|
MARC
| LEADER | 00000nam a2200000 a 4500 | ||
|---|---|---|---|
| 001 | UCX1099 | ||
| 003 | CL-VaPUC | ||
| 008 | 900605e19850000CL |||||||||||||||||spa|d | ||
| 082 | 0 | 4 | |a 262.91 |b EXH |2 21 |
| 245 | 1 | 0 | |a Exhortación apostólica Catechesi Tradendae, de su Santidad Juan Pablo II, al episcopado al clero y a los fieles de toda la Iglesia sobre la catequesis en nuestro tiempo |
| 300 | |a 100 p | ||
| 942 | |c BK | ||
| 945 | |d 19900605 00:00:00 | ||
| 260 | |a Santiago |b Paulinas |c 1985 | ||
| 600 | 0 | |a Iglesia católica |9 255129 | |
| 600 | 0 | |a Juan Pablo II |9 309920 | |
| 650 | 0 | |a Catequesis |9 314526 | |
| 650 | 0 | |a Documentos pontificios |9 255642 | |
| 583 | |a last modification |c 19900605 00:00:00 |k Rodrigo Vera | ||
| 490 | 0 | |a Documentos de la Iglesia | |
| 999 | |c 222425 |d 222423 | ||
| 952 | |0 0 |1 0 |4 0 |6 262_910000000000000_EXH_1985 |7 0 |8 A |9 217129 |a BIBTEO |b BIBTEO |d 2019-11-15 |i 2860953 |o 262.91 EXH 1985 |p 2860953 |r 2025-01-17 |w 2019-11-15 |y BK |k ICR | ||
| 952 | |0 0 |1 0 |4 0 |6 262_910000000000000_EXH_1985 |7 0 |8 A |9 217130 |a BIBTEO |b BIBTEO |d 2019-11-15 |i 2860961 |o 262.91 EXH 1985 |p 2860961 |r 2025-01-17 |w 2019-11-15 |y BK |k ICR | ||
| 952 | |0 0 |1 0 |4 0 |6 262_910000000000000_EXH_1985 |7 0 |8 A |9 217131 |a BIBTEO |b BIBTEO |d 2019-11-15 |i 286097K |o 262.91 EXH 1985 |p 286097K |r 2025-01-17 |w 2019-11-15 |y BK |k ICR | ||